| 000 | 00337nam a22001337a 4500 | ||
|---|---|---|---|
| 008 | 250703b |||||||| |||| 00| 0 eng d | ||
| 020 | _a0745000428 | ||
| 050 |
_aHD5706 _b.M37 |
||
| 100 | _aMARSDEN David | ||
| 245 | _aThe End of Economic Man. | ||
| 260 |
_aGreat Britain _bWheatsheaf Books Ltd. _c1986 |
||
| 300 | _aix, 278p. | ||
| 942 | _cBK | ||
| 999 |
_c4096 _d4096 |
||